000 00315nam a22001337a 4500
003 OSt
005 20250619154627.0
007 20 pages
008 250619b |||||||| |||| 00| 0 eng d
040 _c
245 _aIS:18830:2024 CORD EXTENSION SETS
_cB.I.S
260 _bINDIAN STANDARDS
_c2024
942 _2ddc
_cRB
_n0
999 _c36222
_d36222